00428nam a2200157Ia 450000500170000000800410001704000190005804100120007708200150008910000180010424500500012226000450017230000240021765000190024185000100026020231111092516.0131103s9999 xx 000 0 und d aLoreto College aEnglish a759.9bSLI aSlive,Seymour aMasterpieces of Dutch PaintingcSeymour Slive aLondonbBeaverbook Newspapers Ltd.c1958 a6:00 PMb 16 plates aDutch Painting aLCLIB